000 00827nam a2200241Ia 4500
003 OSt
005 20220923222424.0
006 a|||||r|||| 00| 0
007 ta
008 220922b |||||||| |||| 00| 0 hin d
024 _a204,816
037 _cTextual
040 _aARTS
_cARTS
_bhin
041 _2hin
_ahin
082 _aO44,1:g, 152J6
100 _aमिश्र, गंगाधर
_9156318
245 0 _aभारतीय काव्य में छायावाद
246 _aBhāratīya kāvya mean chhāyāvāda
260 _aकाशी
_b राष्ट्रभाड्ढा विद्यालय
_c1956
650 _aहिन्दी साहित्य
_9156264
942 _hO44,1:g, 152J6
_cTEXL
_2CC
999 _c355564
_d355564